Cities of Belgium - Statistics

General Stats
  • This quiz has been taken 35 times
    31 since last reset
  • The average score is 43 of 137
Answers on the Map
Answers color-coded by a green-red scale on the quiz's map according to % correct below.
 
Answer Stats
group answer % Correct
Brussel Brussel | Bruxelles | Brüssel | Brussels
93%
Antwerpen Antwerpen | Anvers | Antwerp
87%
West-Vlaanderen Brugge | Bruges | Brügge
80%
Oost-Vlaanderen Gent | Gand | Ghent | Gaunt
73%
West-Vlaanderen Oostende | Ostende | Ostend
73%
Oost-Vlaanderen Aalst | Alost
67%
Limburg Genk
67%
Limburg Hasselt
67%
West-Vlaanderen Ieper | Ypres | Ypern
67%
West-Vlaanderen Kortrijk | Courtrai | Cortrick | Courtray
67%
Vlaams-Brabant Leuven | Louvain | Löwen
67%
Luik Liège | Lüttich | Luik
67%
Antwerpen Mechelen | Malines | Mecheln | Mechlin
67%
Namen Namur | Namen
67%
Henegouwen Charleroi
60%
Oost-Vlaanderen Sint-Niklaas | Saint-Nicolas
60%
Oost-Vlaanderen Eeklo
53%
Luik Eupen | Néau
53%
Antwerpen Geel
53%
Luik Huy | Hoei
53%
Antwerpen Lier | Lierre
53%
Limburg Peer
53%
Limburg Sint-Truiden | Saint-Trond
53%
Antwerpen Turnhout
53%
Waals-Brabant Wavre | Waver
53%
Luxemburg Arlon | Arel | Aarlen
47%
West-Vlaanderen Blankenberge | Blankenberghe
47%
West-Vlaanderen Diksmuide | Dixmude
47%
Oost-Vlaanderen Lokeren | Locres
47%
Henegouwen Mons | Bergen
47%
Antwerpen Mortsel
47%
West-Vlaanderen Poperinge | Poperinghe | Poperingue
47%
West-Vlaanderen Roeselare | Roulers
47%
Namen Dinant
40%
West-Vlaanderen Nieuwpoort
40%
Vlaams-Brabant Halle | Hal
40%
Henegouwen La-Louvière
40%
Limburg Lommel
40%
Luik Malmedy
40%
Henegouwen Mouscron | Moeskroen
40%
Oost-Vlaanderen Ninove
40%
Oost-Vlaanderen Oudenaarde | Audenarde
40%
Limburg Tongeren-Borgloon | Tongres-Looz | Tongern-Borgloon
40%
Henegouwen Tournai | Doornik | Dornick
40%
West-Vlaanderen Waregem
40%
Vlaams-Brabant Aarschot | Aerschot
33%
Luxemburg Bastogne | Bastenach | Bastenaken | Baaschtnech
33%
Limburg Beringen | Béringue
33%
Limburg Bree | Brée
33%
Henegouwen Chimay
33%
West-Vlaanderen Damme
33%
Oost-Vlaanderen Deinze | Deynse
33%
Antwerpen Herentals
33%
Antwerpen Hoogstraten
33%
Namen Sambreville
33%
Luik Seraing
33%
Luik Spa
33%
West-Vlaanderen Torhout | Thourout
33%
Luik Verviers
33%
Namen Andenne
27%
Henegouwen Ath | Aat
27%
Limburg Bilzen-Hoeselt | Bilsen-Hoeselt
27%
Namen Couvin
27%
Oost-Vlaanderen Dendermonde | Termonde
27%
Limburg Dilsen-Stokkem | Dilsen-Stockem | Dilsen-Stockheim
27%
Oost-Vlaanderen Geraardsbergen | Grammont | Gerhardsbergen
27%
Limburg Halen | Haelen
27%
West-Vlaanderen Harelbeke
27%
West-Vlaanderen Izegem | Iseghem
27%
Vlaams-Brabant Landen
27%
Luik Limbourg | Limburg
27%
Limburg Maaseik | Maeseyck | Maeseyk
27%
Luxemburg Marche-en-Famenne
27%
West-Vlaanderen Menen | Menin
27%
Waals-Brabant Nivelles | Nijvel
27%
Namen Rochefort
27%
Luik Sankt Vith | Saint-Vith
27%
Luik Stavelot | Stablo
27%
Vlaams-Brabant Tienen | Tirlemont
27%
Waals-Brabant Tubize | Tubeke
27%
West-Vlaanderen Veurne | Furnes
27%
Vlaams-Brabant Vilvoorde | Vilvorde
27%
Luxemburg Virton
27%
Luik Visé | Wezet
27%
West-Vlaanderen Wervik | Wervicq
27%
Oost-Vlaanderen Zottegem
27%
Luik Ans
20%
Henegouwen Braine-le-Comte | 's-Gravenbrakel
20%
Namen Ciney
20%
Henegouwen Comines-Warneton | Komen-Waasten
20%
Vlaams-Brabant Diest
20%
Luxemburg Durbuy
20%
Henegouwen Enghien | Edingen
20%
Limburg Hamont-Achel
20%
Luik Herstal
20%
Luik Herve
20%
Luxemburg Houffalize | Hohenfels | Haufelescht
20%
Luxemburg La-Roche-en-Ardennes | Welchenfels | Welsch Fiels
20%
Henegouwen Lessines | Lessen
20%
Namen Philippeville
20%
Oost-Vlaanderen Ronse | Renaix
20%
Luxemburg Saint-Hubert
20%
Luik Waremme | Borgworm
20%
Namen Beauraing
13%
Henegouwen Binche
13%
Luxemburg Bouillon | Bullioen
13%
Henegouwen Chièvres
13%
Luxemburg Chiny
13%
Namen Gembloux | Gembloers
13%
West-Vlaanderen Gistel | Ghistelles
13%
Luik Hannut | Hannuit
13%
Limburg Herk-de-Stad | Herck-la-Ville
13%
West-Vlaanderen Lo-Reninge
13%
West-Vlaanderen Mesen | Messines
13%
West-Vlaanderen Oudenburg | Audembourg
13%
Vlaams-Brabant Scherpenheuvel-Zichem | Montaigu-Zichem
13%
West-Vlaanderen Tielt | Thielt
13%
Namen Walcourt
13%
Vlaams-Brabant Zoutleeuw | Léau
13%
Henegouwen Antoing
7%
Luxemburg Aubange | Ibingen | Éiben
7%
Henegouwen Beaumont
7%
Henegouwen Belœil | Belle
7%
Henegouwen Châtelet
7%
Henegouwen Fleurus
7%
Luxemburg Florenville
7%
Henegouwen Fontaine-l'Évêque
7%
Namen Fosses-la-Ville
7%
Waals-Brabant Genappe | Genepiën
7%
Waals-Brabant Jodoigne | Geldenaken
7%
Henegouwen Le Rœulx
7%
Henegouwen Leuze-en-Hainaut | Leuze
7%
Luxemburg Neufchâteau | Neuenburg
7%
Waals-Brabant Ottignies-Louvain-la-Neuve
7%
Henegouwen Saint-Ghislain
7%
Henegouwen Soignies | Zinnik
7%
Henegouwen Thuin | Thuden
7%
No matching quizzes found
Score Distribution
Percent of People with Each Score
Percentile by Number Answered
Your Score History
You have not taken this quiz since the last reset